| 000 | 00739nam a2200241 i 4500 | ||
|---|---|---|---|
| 001 | bg | ||
| 100 | 1 | _aRzymowski, Witold. | |
| 245 | 1 | 0 |
_aMacierze i operatory / _cWitold Rzymowski. |
| 260 |
_aLublin : _bWydaw. Uniwersytetu Marii Curie-Skłodowskiej, _c2004. |
||
| 300 |
_a378 s. ; _c24 cm. |
||
| 504 | _aBibliogr. - Indeks. | ||
| 650 | 9 | _aMacierze | |
| 650 | 9 | _aRachunek operatorowy | |
| 655 | _aPodręczniki akademickie | ||
| 020 | _a8322722087 | ||
| 040 | _cBPK | ||
| 041 | 0 | _apol | |
| 080 | _a512.64:517.4](075.8) | ||
| 920 | _a83-227-2208-7 | ||
| 942 | _cKS | ||
| 008 | s pl f |000 0 pol | ||
| 999 |
_c44169 _d44169 |
||
| 856 |
_uhttp://koha.tu.koszalin.pl/cgi-bin/koha/opac-detail.pl?biblionumber=44169 _yKatalog online BPK |
||